| 000 | 00995cab a22002055a 4500 | ||
|---|---|---|---|
| 001 | L147445 | ||
| 008 | 090512e20090508xxkdo f s 000 0 eng d | ||
| 035 | _a(Sirsi) u147445 | ||
| 041 | 0 | _aeng | |
| 100 | 1 | _aMomcilovic, Milan | |
| 245 | 0 | 0 |
_aCountry focus _bCroatia |
| 260 | _c2009 | ||
| 490 | 0 |
_aBuilding _v274 (8578) 8 May 2009, 50-52 (3) |
|
| 520 | _aExamines Croatia's economy and its construction market. Reports that Croatia has an operational market economy with stable macroeconomic indicators. It is one of the emerging markets which has coped well with the international crisis. The GDP growth rate was 5.5% in 2007, and inflation is low. Construction has made up 5.5% of Croatia's GDP. However, the construction industry faces current lack of funds. Includes tables of the Croatian economy at glance and construction costs. | ||
| 590 | _aKA | ||
| 651 | 4 | _aCroatia | |
| 690 | _aBUILT ENVIRONMENT-CONSTRUCTION MARKET | ||
| 690 | _aBUILT ENVIRONMENT-BUILDING COSTS | ||
| 942 | _n0 | ||
| 999 |
_c81539 _d81539 |
||